<?xml version="1.0" encoding="UTF-8"?>
<record
    xmlns:xsi="http://www.w3.org/2001/XMLSchema-instance"
    xsi:schemaLocation="http://www.loc.gov/MARC21/slim http://www.loc.gov/standards/marcxml/schema/MARC21slim.xsd"
    xmlns="http://www.loc.gov/MARC21/slim">

  <leader>00942nam a2200229Ia 4500</leader>
  <controlfield tag="005">20231102151514.0</controlfield>
  <controlfield tag="008">121101s1990    mx     f      000 0 spa d</controlfield>
  <datafield tag="020" ind1=" " ind2=" ">
    <subfield code="a">9681833589 (obra completa)</subfield>
  </datafield>
  <datafield tag="020" ind1=" " ind2=" ">
    <subfield code="a">968183125X (edicion original)</subfield>
  </datafield>
  <datafield tag="050" ind1=" " ind2=" ">
    <subfield code="a">C QA76.15</subfield>
    <subfield code="b">D52318 1990</subfield>
  </datafield>
  <datafield tag="245" ind1="1" ind2="0">
    <subfield code="a">Diccionario multilingue de terminos computacionales</subfield>
    <subfield code="b"> : Ingles, frances, italiano, espa&#xF1;ol, portugues</subfield>
    <subfield code="c">/ Comp. por Georges nania</subfield>
  </datafield>
  <datafield tag="260" ind1=" " ind2=" ">
    <subfield code="a">M&#xE9;xico : </subfield>
    <subfield code="b">Limusa : Ciencia y tecnica, </subfield>
    <subfield code="c">c1990 </subfield>
  </datafield>
  <datafield tag="300" ind1=" " ind2=" ">
    <subfield code="a">4 vol&#xFA;menes </subfield>
  </datafield>
  <datafield tag="337" ind1=" " ind2=" ">
    <subfield code="a">Texto</subfield>
  </datafield>
  <datafield tag="338" ind1=" " ind2=" ">
    <subfield code="a">Sin medio</subfield>
  </datafield>
  <datafield tag="339" ind1=" " ind2=" ">
    <subfield code="a">Volumen</subfield>
  </datafield>
  <datafield tag="500" ind1=" " ind2=" ">
    <subfield code="a">Traduccion de : compelte multiligual dictionary of computer terminology : english, french, italian, spanish, portuguese </subfield>
  </datafield>
  <datafield tag="505" ind1="1" ind2=" ">
    <subfield code="a">Contenido:

Volumen 1 y 2  Ingles
Volumen 3 Franc&#xE9;s e Italiano
Volumen 4 Espa&#xF1;ol Portugu&#xE9;s</subfield>
  </datafield>
  <datafield tag="650" ind1="1" ind2="4">
    <subfield code="a">COMPUTADORAS</subfield>
    <subfield code="x">DICCIONARIOS</subfield>
    <subfield code="9">5889</subfield>
  </datafield>
  <datafield tag="700" ind1="1" ind2=" ">
    <subfield code="a">Nania, Georges</subfield>
    <subfield code="e">comp.</subfield>
    <subfield code="9">6159</subfield>
  </datafield>
  <datafield tag="942" ind1=" " ind2=" ">
    <subfield code="2">lcc</subfield>
    <subfield code="c">LB</subfield>
  </datafield>
  <datafield tag="952" ind1=" " ind2=" ">
    <subfield code="0">0</subfield>
    <subfield code="1">0</subfield>
    <subfield code="2">lcc</subfield>
    <subfield code="4">0</subfield>
    <subfield code="7">0</subfield>
    <subfield code="a">12</subfield>
    <subfield code="b">12</subfield>
    <subfield code="d">2008-11-28</subfield>
    <subfield code="l">0</subfield>
    <subfield code="o">C QA76.15 D52318 1990 V.4</subfield>
    <subfield code="p">12 002392</subfield>
    <subfield code="r">2015-04-22</subfield>
    <subfield code="t">1</subfield>
    <subfield code="w">2012-11-01</subfield>
    <subfield code="y">LB</subfield>
  </datafield>
  <datafield tag="952" ind1=" " ind2=" ">
    <subfield code="0">0</subfield>
    <subfield code="1">0</subfield>
    <subfield code="2">lcc</subfield>
    <subfield code="4">0</subfield>
    <subfield code="7">0</subfield>
    <subfield code="a">12</subfield>
    <subfield code="b">12</subfield>
    <subfield code="d">2015-11-13</subfield>
    <subfield code="l">0</subfield>
    <subfield code="o">C QA76.15 D52318 1990 V.3</subfield>
    <subfield code="p">12 002391</subfield>
    <subfield code="r">2015-11-13</subfield>
    <subfield code="t">1</subfield>
    <subfield code="w">2015-11-13</subfield>
    <subfield code="y">LB</subfield>
  </datafield>
  <datafield tag="952" ind1=" " ind2=" ">
    <subfield code="0">0</subfield>
    <subfield code="1">0</subfield>
    <subfield code="2">lcc</subfield>
    <subfield code="4">0</subfield>
    <subfield code="7">0</subfield>
    <subfield code="a">12</subfield>
    <subfield code="b">12</subfield>
    <subfield code="d">2015-11-13</subfield>
    <subfield code="l">0</subfield>
    <subfield code="o">C QA76.15 D52318 1990 V.2</subfield>
    <subfield code="p">12 002390</subfield>
    <subfield code="r">2015-11-13</subfield>
    <subfield code="t">1</subfield>
    <subfield code="w">2015-11-13</subfield>
    <subfield code="y">LB</subfield>
  </datafield>
  <datafield tag="952" ind1=" " ind2=" ">
    <subfield code="0">0</subfield>
    <subfield code="1">0</subfield>
    <subfield code="2">lcc</subfield>
    <subfield code="4">0</subfield>
    <subfield code="7">0</subfield>
    <subfield code="a">12</subfield>
    <subfield code="b">12</subfield>
    <subfield code="d">2015-11-13</subfield>
    <subfield code="l">0</subfield>
    <subfield code="o">C QA76.15 D52318 1990 V.1</subfield>
    <subfield code="p">12 002389</subfield>
    <subfield code="r">2015-11-13</subfield>
    <subfield code="t">1</subfield>
    <subfield code="w">2015-11-13</subfield>
    <subfield code="y">LB</subfield>
  </datafield>
  <datafield tag="999" ind1=" " ind2=" ">
    <subfield code="c">87694</subfield>
    <subfield code="d">87694</subfield>
  </datafield>
</record>
